Электронные промышленные устройства: электронный курс

Bibliografische gegevens
Hoofdauteur: Шульгина Ю. В. Юлия Викторовна
Coauteur: Национальный исследовательский Томский политехнический университет Институт неразрушающего контроля Кафедра промышленной и медицинской электроники
Andere auteurs: Солдатов А. И. Алексей Иванович
Samenvatting:Заглавие с экрана
В курсе «Электронные промышленные устройства» рассматриваются вопросы неразрушающего контроля, как средство борьбы с потерями и повышением качества продукции; описываются приборы для неразрушающего контроля; рассматриваются электрофизические методы обработки материалов. Особое внимание уделяется структурным схемам приборов неразрушающего контроля, позволяющим грамотно выбрать тип прибора доля контроля конкретных изделий. Знания, полученные в курсе, помогут в выборе метода и прибора для неразрушающего контроля материалов и изделий.
Доступ по логину и паролю
Taal:Russisch
Gepubliceerd in: Томск, TPU Moodle, 2017
Onderwerpen:
Online toegang:https://design.lms.tpu.ru/course/view.php?id=1947
Formaat: Elektronisch Boek
KOHA link:https://koha.lib.tpu.ru/cgi-bin/koha/opac-detail.pl?biblionumber=662195

MARC

LEADER 00000nlm0a2200000 4500
001 662195
005 20240207111746.0
035 |a (RuTPU)RU\TPU\network\33330 
035 |a RU\TPU\network\29825 
090 |a 662195 
100 |a 20200526d2017 m y0rusy50 ca 
101 0 |a rus 
102 |a RU 
105 |a a j 000zy 
135 |a jrcn ---uucaa 
181 0 |a i  
182 0 |a b 
200 1 |a Электронные промышленные устройства  |e электронный курс  |f Ю. В. Шульгина, А. И. Солдатов  |g Национальный исследовательский Томский политехнический университет, Институт неразрушающего контроля, Кафедра промышленной и медицинской электроники 
203 |a Текст  |c электронный 
210 |a Томск  |c TPU Moodle  |d 2017 
300 |a Заглавие с экрана 
330 |a В курсе «Электронные промышленные устройства» рассматриваются вопросы неразрушающего контроля, как средство борьбы с потерями и повышением качества продукции; описываются приборы для неразрушающего контроля; рассматриваются электрофизические методы обработки материалов. Особое внимание уделяется структурным схемам приборов неразрушающего контроля, позволяющим грамотно выбрать тип прибора доля контроля конкретных изделий. Знания, полученные в курсе, помогут в выборе метода и прибора для неразрушающего контроля материалов и изделий. 
333 |a Доступ по логину и паролю 
606 1 |a Электронные устройства  |2 stltpush  |3 (RuTPU)RU\TPU\subj\20534  |9 45633 
610 1 |a электронный ресурс 
610 1 |a труды учёных ТПУ 
610 1 |a электронное обучение 
610 1 |a электронные курсы ТПУ 
610 1 |a электронные учебные пособия 
610 1 |a учебные пособия 
610 1 |a техническая диагностика 
610 1 |a неразрушающий контроль 
610 1 |a сенсоры 
610 1 |a дефекты 
675 |a 621.38(075.8)  |v 3 
700 1 |a Шульгина  |b Ю. В.  |c специалист в области электроники  |c старший преподаватель Томского политехнического университета  |f 1987-  |g Юлия Викторовна  |3 (RuTPU)RU\TPU\pers\32633 
701 1 |a Солдатов  |b А. И.  |c специалист в области электроники  |c профессор Томского политехнического университета, доктор технических наук  |f 1958-  |g Алексей Иванович  |3 (RuTPU)RU\TPU\pers\25907  |9 11758 
712 0 2 |a Национальный исследовательский Томский политехнический университет  |b Институт неразрушающего контроля  |b Кафедра промышленной и медицинской электроники  |3 (RuTPU)RU\TPU\col\18719 
801 2 |a RU  |b 63413507  |c 20220708  |g RCR 
856 4 |u https://design.lms.tpu.ru/course/view.php?id=1947 
942 |c CF